| 000 | 00957cam a22002054a 4500 | ||
|---|---|---|---|
| 005 | 20250605163943.0 | ||
| 008 | 250528s ||||||||||||||||||||||||d | ||
| 035 | _a15106 | ||
| 020 | _a412484102 | ||
| 040 |
_aGR-AtMCL _bgre _dGR-AtMCL _eAACR2 |
||
| 245 | 1 | _aBusiness in Context / An Introduction to Business and Its Environment: Second Edition | |
| 250 | _a2nd | ||
| 260 |
_bInternational Thomson Business Press, _c1989 |
||
| 300 | _a412 | ||
| 520 | _aAn up to date account of the complexities of contemporary management and business activity in each sector of the modern economy. Series Forward, Preface, Acknowledgements, The Concept of Business in Context, The Environment and Business, Organizational Aspects of Business, Management Strategy, Innovation, Production, Marketing, Human Resource Management, Finance and Accounting, Conclusions, References, Index. | ||
| 700 | 1 |
_aNeedle David _9952 |
|
| 942 | _cBK | ||
| 999 |
_c703 _d703 |
||